Missing Word: Oscar F's Quiz Stats

 Plays Quiz Updated Apr 24, 2012

Support Sporcle.
Go Orange.
Score 0/40 Timer 05:00
0 Plays Today
Winner F Word % Correct
___ NemoFinding
98.6%
Jodie ___Foster
96.4%
___ GumpForrest
95.9%
Born on the ___ of JulyFourth
94.7%
My ___ LadyFair
94.6%
Pulp ___Fiction
93.3%
Back to the ___Future
92.6%
___ Here to EternityFrom
91.9%
Who ___ Roger RabbitFramed
89.1%
___ on the RoofFiddler
86.6%
Born ___Free
81%
Happy ___Feet
79.2%
Legends of the ___Fall
79%
The ___ ConnectionFrench
78.2%
___ DunawayFaye
77.2%
___ CapraFrank
76.7%
Sally ___Field
76.5%
Jane ___Fonda
70.6%
A ___ to ArmsFarewell
69.2%
The ___ of LifeFacts
62.2%
Winner F Word % Correct
___ McDormandFrances
58.7%
Jamie ___Foxx
57.3%
San ___Francisco
56.6%
___ GooseFather
45.8%
Ship of ___Fools
42%
___ SlowlyFalling
33.4%
John ___Ford
32.7%
Bob ___Fosse
29.3%
Milos ___Forman
26.4%
___ ZinnemannFred
26.2%
José ___Ferrer
25.8%
___ VoyageFantastic
25.5%
Joan ___Fontaine
24.2%
___ & AlexanderFanny
23.6%
Louise ___Fletcher
21.6%
Peter ___Finch
14.7%
Jo Van ___Fleet
12.5%
Brenda ___Fricker
9.9%
William ___Friedkin
8%
Barry ___Fitzgerald
6.7%

Today's Daily Dose

Word Ladder
ING Words

Get the Picture
Nearest Volcano

From the Vault

Movie Franchises By Three Surnames

by Doctor_Arzt

Movies 6m
Sometimes we don't learn character names until we see them in the credits.
Remove Ads.
Support Sporcle.
Get the best of Sporcle when you Go Orange. This ad-free experience offers more features, more stats, and more fun while also helping to support Sporcle. Thank you for becoming a member.

Show Comments

Extras

Top Quizzes Today


Score Distribution

Your Account Isn't Verified!

In order to create a playlist on Sporcle, you need to verify the email address you used during registration. Go to your Sporcle Settings to finish the process.

Report this User

Report this user for behavior that violates our Community Guidelines.

Details: